International Abstracts in Operations Research

Uložené v:
Podrobná bibliografia
Médium: Seriál
Jazyk:English
Vydavateľské údaje: Amsterdam North-Holland 1982
Predmet:
Tagy: Pridať tag
Žiadne tagy, Buďte prvý, kto otaguje tento záznam!

MARC

LEADER 00000nas2a2200000 4500
001 s006809
005 20240109080404.0
022 |a 0020-580X 
041 0 |a eng 
044 |a US 
245 1 0 |a International Abstracts in Operations Research 
264 1 |a Amsterdam  |b North-Holland  |c 1982 
773 0 |w eu_un_cat*s120789 
610 2 0 |a výskum operačný